01468nam a2200349Ia 4500001000700000008004100007035001600048041001000064084001300074110009700087245019700184260005300381300002300434500011000457650003500567650003400602650002100636650002600657650004200683650003400725710004000759710003000799710007800829901000600907903000700913904000800920953003700928999001700965910000900982942001500991952011201006018750221003s2003 xx 000 0 spa d aCENDO_12038 aspab aCD-04809 aJORNADAS SOBRE DIVERSIFICACION PROFESIONAL E IGUALDAD DE OPORTUNIDADEScSevillad2003911965 0aJornadas sobre diversificación profesional e igualdad de oportunidades :bponencias /cproyecto Construyendo futuro : una oportunidad de empleo para las mujeres, iniciativa comunitaria Equal a[Sevilla :bInstituto Andaluz de la Mujer,c2003 a[15] h. ;c 30 cm aEn : Trabajo en Femenino : publicación sobre formación profesional y empleo, n. 13-14, 1994, p. 11-20 0aIGUALDAD DE OPORTUNIDADES9590 aDOCUMENTO DE CONFERENCIA9310 aCONFERENCIA9311 aPROYECTO EQUAL911966 0aFORMACION PROFESIONAL PERMANENTE9379 aORIENTACION PROFESIONAL91532 aINSTITUTO ANDALUZ DE LA MUJER97820 aFONDO SOCIAL EUROPEO9982 aANDALUCIAbJuntabConsejería de Empleo y Desarrollo Tecnológico97221 a3 aNO a000 d2003-09-02yMONOGRAFIAoCD-04809 c12037d12037 a2003 cMONOGRAFIA 00104070aCENDObCENDOd2003-09-02l0oCD-04809pCENDO_12038r2022-10-05 00:00:00w2022-10-05yMONOGRAFIA